Fundamentals of magnetism and electricity (Record no. 14625)

000 -LEADER
fixed length control field 00450nam a22001811 4500
001 - CONTROL NUMBER
control field 14625
003 - CONTROL NUMBER IDENTIFIER
control field BD-DhUET
008 - FIXED-LENGTH DATA ELEMENTS--GENERAL INFORMATION
fixed length control field 740123s1966 ii ac 000 0 eng
040 ## - CATALOGING SOURCE
Original cataloging agency DLC
Transcribing agency DLC
Modifying agency BD-DhUET
082 00 - DEWEY DECIMAL CLASSIFICATION NUMBER
Classification number 537
Item number VAS/1964
100 1# - MAIN ENTRY--PERSONAL NAME
Personal name Vasudeva, D. N.
245 10 - TITLE STATEMENT
Title Fundamentals of magnetism and electricity
250 ## - EDITION STATEMENT
Edition statement 1st ed.
260 ## - PUBLICATION, DISTRIBUTION, ETC. (IMPRINT)
Place of publication, distribution, etc. New Delhi
Name of publisher, distributor, etc. S. Chand
Date of publication, distribution, etc. 1964
300 ## - PHYSICAL DESCRIPTION
Extent iii, 827p.
Other physical details ill.
650 #0 - SUBJECT ADDED ENTRY--TOPICAL TERM
Topical term or geographic name as entry element Electricity
942 ## - ADDED ENTRY ELEMENTS (KOHA)
Koha item type General Book
Holdings
Piece designation (barcode) Not for loan Location (home branch) Copy number Damaged status Price effective from Koha normalized classification for sorting Koha item type Koha date last seen Sublocation or collection (holding branch) Source of classification or shelving scheme Lost status Withdrawn status Koha full call number Date acquired Shelving location
52538 Central Library, BUET1 2015-03-09537_000000000000000_VAS_1964General Book2015-03-09Central Library, BUET   537/VAS/19642015-03-09Circulation section
5745 Central Library, BUET2 2015-03-19537_000000000000000_VAS_1964General Book2015-03-19Central Library, BUET   537/VAS/19642015-03-19Circulation section
5428 Central Library, BUET3 2015-03-19537_000000000000000_VAS_1964General Book2015-03-19Central Library, BUET   537/VAS/19642015-03-19Circulation section
11575 Central Library, BUET4 2015-04-30537_000000000000000_VAS_1964General Book2015-04-30Central Library, BUET   537/VAS/19642015-04-30Circulation section